Mezinárodní měnové vztahy
Na minha lista:
| Autor principal: | |
|---|---|
| Autor Corporativo: | |
| Formato: | Livro |
| Idioma: | tcheco |
| Publicado em: |
Praha
Oeconomica, Nakladatelství VŠE
2007
|
| Edição: | 2. vyd. |
| Assuntos: | |
| Tags: |
Sem tags, seja o primeiro a adicionar uma tag!
|
MARC
| LEADER | 00000nam$a2200000$$$4500 | ||
|---|---|---|---|
| 001 | 0063005 | ||
| 005 | 20240223111912.5 | ||
| 020 | |a 978-80-245-1182-5 | ||
| 041 | 0 | |a cze | |
| 044 | |a CZ | ||
| 245 | 1 | 0 | |a Mezinárodní měnové vztahy |c Václav Kubišta |
| 250 | |a 2. vyd. | ||
| 264 | 1 | |a Praha |b Oeconomica, Nakladatelství VŠE |c 2007 | |
| 300 | |a 83 s. | ||
| 610 | 2 | 0 | |a systém menový medzinárodný |
| 610 | 2 | 0 | |a únie menové |
| 610 | 2 | 0 | |a mena |
| 610 | 2 | 0 | |a peniaze |
| 610 | 2 | 0 | |a dohody Bretton-Woodske |
| 610 | 2 | 0 | |a integrácia menová |
| 610 | 2 | 0 | |a Medzinárodný menový fond |
| 610 | 2 | 0 | |a Svetová banka |
| 610 | 2 | 0 | |a Banka pre medzinárodné platby |
| 610 | 2 | 0 | |a likvidita medzinárodná |
| 610 | 2 | 0 | |a rezervy devízové |
| 100 | 1 | |a Kubišta, Václav | |
| 710 | 2 | |a Vysoká škola ekonomická v Praze. Fakulta mezinárodních vztahů | |